00438nam a2200157Ia 4500999001700000003000400017005001700021008004100038040001800079082001900097100002200116245004200138260004700180300000900227942004400236 c18402d18402OSt20200606120057.0190216s9999||||xx |||||||||||||| ||und|| cMESKC library a891.433bANS/S aAnsal, Kusum9328 0aSresht Hindi Kahaniyan /cKusum Ansal bAbivyajana Publications,aNew Delhi:c1989 a171p cBK2ddch891.433iANS/Sk891.433mANS/S